00552 a2200229 4500260001000000100001900010700002000029260001000049245006900059300001300128650001000141650001300151650001500164650002400179650001200203260000900215300003900224130000700263440001700270250001700287020001800304 aParis aDERCOURT, Jean1 aPAQUET, Jacques bDunod aGéologie : objets et méthodes : cours et exercices résolus ax-457 p. aTerre aOcéans aGéologie aScience de la terre aUnivers c1999 bcouv. ill. en coul., ill. ; 27 cm. lFR aSciences Sup a10e refondue a2-10-004370-6